| 000 | 00721nam a2200205 i 4500 | ||
|---|---|---|---|
| 001 | 46806 | ||
| 003 | ES-MaACL | ||
| 005 | 20230915063100.0 | ||
| 007 | t| | ||
| 008 | 030401s1906 fr ||||1| fre d | ||
| 040 | _cES-MaACL | ||
| 245 | 0 | 0 |
_aCongrés International des Architectes / _csous la traute protection de le Rov de Espagne ; et le patronage du governement ; organisation corupte sendu et notices. |
| 260 |
_aMadrid : _b[s.n., _c1906] ( _fImp. J. Sastre y Cia) |
||
| 300 |
_a493 p. ; _c25 cm. |
||
| 711 | 0 |
_9410 _aCongreso Internacional de Arquitectos ( _n6º. _d1904. _cMadrid) |
|
| 852 |
_aES-MaACL _jG-1447 |
||
| 942 | _cMONOGRAFIA | ||
| 999 |
_c46806 _d46806 |
||